Gone with the wind // Gone with the wind. - B. 3 (Запись № 3271282)

Подробности
000 -МАРКЕР
контрольное поле 01566nam1a2200337 i 4500
001 - ИДЕНТИФИКАТОР ЗАПИСИ
контрольное поле RU\NLR\b_ik\145754
005 - ИДЕНТИФИКАТОР ВЕРСИИ
контрольное поле 20241225153028.0
010 ## - МЕЖДУНАРОДНЫЙ СТАНДАРТНЫЙ НОМЕР КНИГИ (ISBN)
Номер (ISBN) 5811216793
Тираж 4000
035 ## - ДРУГИЕ СИСТЕМНЫЕ НОМЕРА
Идентификатор записи (NLR Aleph) 002218906
100 ## - ДАННЫЕ ОБЩЕЙ ОБРАБОТКИ
Данные общей обработки 20060426d2006 u y0rusy50 ba
101 0# - ЯЗЫК РЕСУРСА
Язык текста, звукозаписи и т.д. английский
102 ## - СТРАНА ПУБЛИКАЦИИ ИЛИ ПРОИЗВОДСТВА
Страна публикации Российская Федерация
105 ## - ПОЛЕ КОДИРОВАННЫХ ДАННЫХ: ТЕКСТОВЫЕ МАТЕРИАЛЫ, МОНОГРАФИЧЕСКИЕ
Кодированные данные о монографическом текстовом документе ||||z |||||
200 1# - ЗАГЛАВИЕ И СВЕДЕНИЯ ОБ ОТВЕТСТВЕННОСТИ
Основное заглавие Gone with the wind
Первые сведения об ответственности Margaret Mitchell
Последующие сведения об ответственности обраб. текста, коммент., словарь: Н.И. Кролик
-- [ил.: Г.А. Мацыгин]
210 ## - ПУБЛИКАЦИЯ, РАСПРОСТРАНЕНИЕ И ДР.
Место издания, распространения и т.д. Москва
Имя издателя, распространителя и т. д. Айрис-пресс
Дата издания, распространения и т.д. cop. 2006
215 ## - ФИЗИЧЕСКАЯ ХАРАКТЕРИСТИКА
Размеры 16
225 1# - СЕРИЯ
Основное заглавие серии Читаем в оригинале
Наименование части English
300 ## - ОБЩИЕ ПРИМЕЧАНИЯ
Текст примечания В вып. дан.: Унесенные ветром / Митчелл Маргарет
463 #1 - УРОВЕНЬ ФИЗИЧЕСКОЙ ЕДИНИЦЫ
Встроенное поле 001RU\NLR\b_ik\141743
-- 200##$aB. 3
Идентификатор связанной записи RU\NLR\b_ik\141743
Системный номер (АБИС) связанной записи 3219892
Физическая характеристика 250, [1] с.
Заглавие Gone with the wind. - B. 3
ISBN 5-8112-1682-3
463 #0 - УРОВЕНЬ ФИЗИЧЕСКОЙ ЕДИНИЦЫ
Встроенное поле 001RU\NLR\b_ik\145088
Идентификатор связанной записи RU\NLR\b_ik\145088
Системный номер (АБИС) связанной записи 3262748
Физическая характеристика 302, [1] с.
Заглавие Gone with the wind. - B. 1
ISBN 5-8112-1680-7
463 #0 - УРОВЕНЬ ФИЗИЧЕСКОЙ ЕДИНИЦЫ
Встроенное поле 001RU\NLR\b_ik\141403
Идентификатор связанной записи RU\NLR\b_ik\141403
Системный номер (АБИС) связанной записи 3215540
Физическая характеристика 396 с.
Заглавие Gone with the wind. - B. 2
ISBN 5-8112-1681-5
517 0# - ДРУГИЕ ВАРИАНТЫ ЗАГЛАВИЯ
Вариант заглавия Унесенные ветром
606 1# - НАИМЕНОВАНИЕ ТЕМЫ КАК ПРЕДМЕТ
Наименование темы Английский язык
Формальный подзаголовок Учебные издания
Системный номер авторитетной/нормативной записи 972309
Идентификатор авторитетной/нормативной записи RU\NLR\AUTH\6646032
686 4# - ИНДЕКСЫ ДРУГИХ КЛАССИФИКАЦИЙ
Индекс Ш6(7США)61-440.4{Лх1978-50}
686 4# - ИНДЕКСЫ ДРУГИХ КЛАССИФИКАЦИЙ
Индекс Ш143.21-93рус91
700 #1 - ИМЯ ЛИЦА - ПЕРВИЧНАЯ ОТВЕТСТВЕННОСТЬ
Код отношения Автор
Графика поля Латинская
Материалы, к которым относится поле eng
Начальный элемент ввода Mitchell
Часть имени, кроме начального элемента ввода M.
Даты 1900-1949
Расширение инициалов личного имени Margaret
Системный номер авторитетной/нормативной записи 238121
Идентификатор авторитетной/нормативной записи RU\NLR\AUTH\770238177
801 #0 - ИСТОЧНИК ЗАПИСИ
Страна Российская Федерация
Организация NLR
Дата составления 20060426
Правила каталогизации PSBO
852 ## - МЕСТОНАХОЖДЕНИЕ И ШИФР ХРАНЕНИЯ
Идентификатор организации NLR
Наименование фонда или коллекции (Sub-Location Identifier) Ик
Шифр хранения (Call Number) 2006-2/23
942 ## - ДОПОЛНИТЕЛЬНЫЕ ЭЛЕМЕНТЫ ЗАПИСИ (АБИС)
Тип экземпляра АБИС Книга

Нет доступных экземпляров.